000 00454nam a2200181Ia 4500
001 1494
005 20260306143732.0
008 260306t2016||||xx |||||||||||||| ||spa||
041 _aESP
082 _a150.287
_bF41
100 _aFernández Liporace, Mercedes
_eAUT
245 0 _aCurso básico de psicometría:
_bteoría clásica
260 _c2016
300 _a174 páginas :
_c28 cm.
650 _aGEN
654 _aCPS
942 _cLIB
_dJUS
_fJUS
_2ddc
_n
999 _c1494
_d1494